Paroles Générique de dessin animé Les Ratz - Statistiques

Statistiques générales
  • Ce quiz a été pris 4 722 fois
  • Le résultat moyen est 65 sur 75
Statistiques - réponses
Paroles % Correct
Le
99%
le
99%
le
99%
rat
98%
ce
97%
les
97%
les
97%
les
97%
les
97%
à
94%
à
94%
à
94%
à
94%
à
94%
rap
94%
Ça
93%
ça
93%
ça
93%
ça
93%
la
93%
93%
la
93%
c'est
92%
C'est
92%
c'est
92%
fait
92%
fait
92%
de
91%
de
91%
de
91%
de
91%
et
91%
et
91%
bord
90%
bord
90%
bord,
90%
bord !
90%
Pas
90%
pas
90%
pas
90%
pas
90%
qui
90%
qui
90%
ratz,
90%
ratz
90%
panique
89%
panique
89%
panique
89%
panique
89%
du
86%
vitesse
86%
vitesse
86%
Yo (x7)
86%
Yo (x7)
86%
pour
85%
Razmo ?
83%
sont
83%
Rapido ?
81%
rats
81%
danser
80%
fun
80%
fun
80%
je
80%
suis
80%
endiablé ?
78%
d'abord
77%
d'abord
77%
rythme
77%
Ouais
76%
T'entends
75%
fond
62%
Hey
58%
bananes
53%
parti
53%
Waouh
14%
Aucun quiz correspondant
Distribution des résultats
% des personnes avec chaque résultat
Percentile par nombre de réponses
Votre historique - résultats
Vous n’avez pas pris ce quiz